| 000 | 00636nam a22002297a 4500 | ||
|---|---|---|---|
| 005 | 20251108175513.0 | ||
| 008 | 250721s2011 xx 000 0 ara d | ||
| 082 | 1 | 4 | _aط/595.7/ليغ |
| 100 | 1 | _aليغ، جيرالد | |
| 245 | 1 | 0 | _aإكتشف : الحشرات / |
| 250 | _aط.2. | ||
| 264 | 1 |
_aبيروت : _bمكتبة إسطفان، _c2011. |
|
| 300 | _a32 ص. | ||
| 650 | 1 | 7 | _aالحشرات |
| 650 | 1 | 7 | _aالعلوم |
| 650 | 1 | 7 | _aالتعلم |
| 650 | 1 | 7 | _aالأطفال |
| 653 | _aناشئون صغار ( 10 - 14 سنة ) | ||
| 700 | 1 |
_aرضا، سوزان _eمترجم |
|
| 942 |
_2ddc _cBK |
||
| 999 |
_c135653 _d135653 |
||